Words made by Periodic Element Symbols #3 - Statistics

General Stats
  • This quiz has been taken 18 times
  • The average score is 21 of 22
Answer Stats
Hint Answer % Correct
Americium Erbium Iodine Calcium Nitrogen AmErICaN
100%
Barium Nitrogen Potassium BaNK
100%
Calcium Carbon Titanium CaCTi
94%
Dysprosium Sodium Sulfur* Titanium Einsteinium DyNaSTiEs
94%
Iron Nitrogen Cerium FeNCe
94%
Germanium Argon Sulfur GeArS
94%
Iodine Radium Nitrogen IRaN
94%
Potassium Nobelium Tungsten KNoW
94%
Lithium Iron Sulfur Protactinium Nitrogen LiFeSPaN
94%
Oxygen Neon ONe
94%
Phosphorus Hydrogen Oxygen Neon PHONe
94%
Ruthenium Sulfur Hydrogen RuSH
94%
Silicon Carbon Potassium Neon Sulfur Sulfur SiCKNeSS
94%
Thorium Indium ThIn
94%
Uranium Nickel Oxygen Nitrogen UNiON
94%
Vanadium Americium Phosphorus Iodine Rhenium VAmPIRe
94%
Tungsten Iodine Selenium WISe
94%
Erbium Uranium Platinum Iodine Oxygen Nitrogen ErUPtION
89%
Helium Lithium Cobalt Platinum Erbium HeLiCoPtEr
89%
Yttrium Argon Darmstadtium YArDs
89%
Molybdenum Nitrogen Tantalum Sodium MoNTaNa
83%
Neon Phosphorus** Aluminium NePAl
83%
No matching quizzes found
Score Distribution
Percent of People with Each Score
Percentile by Number Answered
Your Score History
You have not taken this quiz